| 000 | 00529cam a2200193ua 4500 | ||
|---|---|---|---|
| 020 |
_a81-7022-764-X _cRs 450.00 |
||
| 041 |
_aeng _h |
||
| 082 |
_a338.954 83 _bOOM/RE |
||
| 100 | _aOommen, M A . | ||
| 245 | 0 | 0 |
_aRethinking Development : Kerala`s development experience, Vol.1 / _cM A Oommen. _hTextual Documents |
| 250 |
_a1 / _b. |
||
| 260 |
_aNew Delhi : _bConcept Publishing Company , _c1999. |
||
| 300 | _a220 ; . | ||
| 362 | 0 | _a1- | |
| 365 | _aRs 450.00 | ||
| 504 | _a | ||
| 942 | _cBK | ||
| 999 |
_c170 _d170 |
||